00834 2200289 4500001002100000005001500021006001800036007000300054008004100057020002200098035002000120082001100140084001700151100003400168245008500202250001000287264003400297300003000331336002100361337003000382338002300412650001300435700003200448990001800480990002300498990002300521INLIS00000000000932120260422074238a ta260422 0  a978-602-9186-83-3 a0010-1122000280 a746.92 a746.92 KHA b0 aKhasanah El ZaharaePengarang1 aBelajar Menjahit Untuk Pemula /cPengarang; Khasanah El Zahara, Editor; Rinawati aCet.1 aSurabaya :bTiara Aksa,c2015 a111 hlm. :bilus. ;c21cm 2rdacontentateks 2rdamediaatanpa perantara 2rdacarrieravolume 4akesenian aEditor; RinawatiePengarang a23.066/B/2016 a30.848/DPK-APBD/19 a30.849/DPK-APBD/19